Statistics for 各拼音开头人口前五的世界城市

Click here to take the quiz!

General Stats

  • This quiz has been taken 19 times
  • The average score is 51 of 105

Answer Stats

Answer% Correct
b北京
100%
sh深圳
100%
d东京
94%
sh上海
94%
g广州
94%
n南京
94%
l洛杉矶
88%
n纽约
88%
t天津
88%
h杭州
88%
m孟买
82%
d德里
82%
ch重庆
82%
ch成都
82%
zh郑州
82%
k开罗
82%
t台北
82%
s苏州
82%
y雅加达
82%
l里约热内卢
82%
b巴黎
82%
f福州
82%
w武汉
82%
m莫斯科
82%
m曼谷
82%
d大阪
76%
x西安
76%
q青岛
76%
h河内
76%
sh圣保罗
76%
m墨西哥城
76%
ch长沙
76%
n南昌
76%
x新加坡
76%
x香港
71%
x厦门
71%
n宁波
71%
j加尔各答
71%
t太原
71%
sh首尔
71%
b布宜诺斯艾利斯
65%
q泉州
65%
h胡志明市
65%
y伊斯坦布尔
65%
d德黑兰
65%
sh沈阳
65%
m马尼拉
65%
y仰光
59%
zh芝加哥
59%
h华盛顿
59%
y约翰内斯堡
53%
b班加罗尔
53%
w无锡
53%
ch常州
53%
s泗水
47%
ch长春
47%
j吉隆坡
47%
k昆明
47%
d东莞
47%
g贵阳
47%
f费城
41%
f釜山
41%
p平壤
41%
l拉各斯
41%
b波哥大
41%
j金沙萨
35%
k卡拉奇
35%
w温州
29%
w万隆
29%
zh珠海
24%
f菲尼克斯
24%
y亚的斯亚贝巴
24%
l拉合尔
24%
n内罗毕
24%
h海得拉巴
24%
x休斯顿
24%
zh中山
18%
p莆田
18%
k喀土穆
18%
t塔什干
12%
零辅音艾哈迈达巴德
12%
q钦奈
12%
q秦皇岛
12%
零辅音阿比让
12%
p浦那
12%
l罗安达
6%
零辅音埃森-杜塞尔多夫
6%
zh斋浦尔
6%
j吉达
6%
q齐齐哈尔
6%
s苏拉特
6%
f费萨拉巴德
6%
j吉大港
6%
t坦帕
0%
零辅音阿克拉
0%
零辅音安曼
0%
w瓦拉纳西
0%
k库玛西
0%
g古杰兰瓦拉
0%
g瓜亚基尔
0%
g瓜达拉哈拉
0%
s萨那
0%
p匹兹堡
0%
p普埃布拉
0%
s萨尔瓦多
0%

Score Distribution

Percentile by Number Answered

Percent of People with Each Score

Your Score History

You have not taken this quiz